<?xml version="1.0" encoding="UTF-8"?>
<collection xmlns="http://www.loc.gov/MARC21/slim">
 <record>
  <leader>00867pamaa2200205   4500</leader>
  <controlfield tag="001">0000045597</controlfield>
  <controlfield tag="005">20090701090000.0</controlfield>
  <controlfield tag="008">090701                             eng  </controlfield>
  <datafield tag="020" ind1="0" ind2="0">
   <subfield code="a">9780743290173 / 0743290178 </subfield>
  </datafield>
  <datafield tag="090" ind1="0" ind2="0">
   <subfield code="a">HD9710.J34.T6365 </subfield>
   <subfield code="b">MAY 2007</subfield>
  </datafield>
  <datafield tag="100" ind1="1" ind2="0">
   <subfield code="a">May </subfield>
  </datafield>
  <datafield tag="245" ind1="0" ind2="4">
   <subfield code="a">The elegant solution : </subfield>
   <subfield code="b">Toyota's formula for mastering innovation  </subfield>
   <subfield code="c">Matthew E. May; </subfield>
   <subfield code="f">foreword by Kevin Roberts.</subfield>
  </datafield>
  <datafield tag="260" ind1="0" ind2="0">
   <subfield code="a">New York: </subfield>
   <subfield code="b">Free Press, </subfield>
   <subfield code="c">2007.</subfield>
  </datafield>
  <datafield tag="300" ind1=" " ind2=" ">
   <subfield code="a">xv, 236 p.: </subfield>
   <subfield code="b">port.; </subfield>
   <subfield code="c">24 cm.</subfield>
  </datafield>
  <datafield tag="504" ind1="0" ind2="0">
   <subfield code="a">Includes bibliographical references (p. [223]-224) and index</subfield>
  </datafield>
  <datafield tag="650" ind1="0" ind2="0">
   <subfield code="a">Automobile industry and trade -- </subfield>
   <subfield code="x">Management -- </subfield>
   <subfield code="x">Employee participation -- </subfield>
   <subfield code="z">Japan </subfield>
  </datafield>
  <datafield tag="650" ind1="0" ind2="0">
   <subfield code="a">Automobile industry and trade -- </subfield>
   <subfield code="x">Technological innovations -- </subfield>
   <subfield code="z">Japan </subfield>
  </datafield>
  <datafield tag="650" ind1="0" ind2="0">
   <subfield code="a">Toyota Jidōsha Kabushiki Kaisha </subfield>
  </datafield>
  <datafield tag="650" ind1="0" ind2="0">
   <subfield code="a">Creative thinking </subfield>
  </datafield>
  <datafield tag="901" ind1=" " ind2=" ">
   <subfield code="u">http://www.simonandschuster.com</subfield>
  </datafield>
 </record>
</collection>
